000 01045cam a22003253a 4500
001 1029
005 20230815152301.0
008 111119s1992 nyu j 000 1 eng d
020 _a9780590448017
020 _a9780590448017
020 _a0590448013
040 _aORL
_cORL
_dOHI
_dMUS
_dBTCTA
_dLPU
_dNZNSL
_dYDXCP
_dOCLCG
_dBAKER
_dDLC
_beng
050 0 0 _aPZ7.M3567585
082 _aFic
100 1 _aMartin, Ann M.,
_d1955-
245 1 0 _aMary Anne and the secret in the attic /
_cAnn M. Martin.
260 _aNew York :
_bScholastic,
_c1992.
300 _a147 pages :
_c20 cm
490 0 _aApple paperbacks
490 1 _aThe Baby-sitters club mystery ;
_vBook 5
500 _a"An Apple paperback."
505 _aR
520 _aMary Anne discovers a secret about her past and now she's afraid of the future.
521 _a690
_bLexile
521 _aR
_bRaz-Plus
655 7 _aYoung adult fiction.
_2lcsh
655 7 _aMystery fiction.
_2gsafd
906 _a7
_bcbc
_ccopycat
_d2
_encip
_f20
_gy-genrareb
942 _2ddc
_cBK
_n0
999 _c1029
_d1029